| 000 | 00380nam a22001457a 4500 | ||
|---|---|---|---|
| 020 | _a9789332550162 | ||
| 040 | _cNUST | ||
| 082 | _a629.83 OGA | ||
| 100 | _a Ogata, Katsuhiko | ||
| 245 | _aModern Control Engineering | ||
| 250 | _a5TH EDITION | ||
| 260 |
_aINDIA: _b PEARSON EDUCATION, _c2015. |
||
| 650 |
_aDEE TEXTBOOK.MODERN CONTROL ENGINEERING _991755 |
||
| 942 |
_2ddc _cTEXT |
||
| 999 |
_c589865 _d589865 |
||